000 00272nam a2200121Ia 4500
008 231221s9999 xx 000 0 und d
041 _aEnglish
082 _a001.6424JAV SYD
100 _aSydow, Dan Parks
245 0 _aJumping to Java
650 _aJava
942 _cCD
999 _c202120
_d202120